Devenir des traumas d’enfance (notice n° 1512446)

détails MARC
000 -LEADER
fixed length control field 01777cam a2200157 4500500
005 - DATE AND TIME OF LATEST TRANSACTION
control field 20251012001319.0
041 ## - LANGUAGE CODE
Language code of text/sound track or separate title fre
042 ## - AUTHENTICATION CODE
Authentication code dc
100 10 - MAIN ENTRY--PERSONAL NAME
Personal name Moro, Marie Rose
Relator term author
245 00 - TITLE STATEMENT
Title Devenir des traumas d’enfance
260 ## - PUBLICATION, DISTRIBUTION, ETC.
Name of publisher, distributor, etc. La Pensée sauvage,<br/>
Date of publication, distribution, etc. 2014.<br/>
520 ## - SUMMARY, ETC.
Summary, etc. Les travaux concernant les impacts d’un traumatisme à long terme chez les enfants sont relativement récents. Ils viennent démontrer les effets des violences sur la construction psychique de la subjectivité. C’est avec une intention d’ouverture et de transversalité que cet ouvrage rend compte d’études sur le devenir des traumas d’enfance, c’est-à-dire des effets à moyen et long termes des violences sur les bébés, les enfants et les adolescents qui les ont vécues tout autant que sur ceux qui en sont les héritiers, que ce soit en lien avec leur histoire familiale ou avec l’histoire du pays d’où vient leur famille. L’intention de ce livre est d’identifier comment ces meurtrissures s’inscrivent dans les êtres en développement et surtout, comment les repérer, les consoler, les soigner, les transformer en savoir, en créativité. À partir de situations traumatiques actuelles ou passées différentes touchant bébés, enfants et adolescents, cet ouvrage donne ainsi des pistes en termes de prévention, soins et travail social. Ce livre se divise en trois grandes parties : la première fait le point sur ce que l’histoire nous enseigne, la seconde concerne l’état des connaissances et la dernière présente la clinique actuelle.
700 10 - ADDED ENTRY--PERSONAL NAME
Personal name Asensi, Hélène
Relator term author
700 10 - ADDED ENTRY--PERSONAL NAME
Personal name Feldman, Marion
Relator term author
856 41 - ELECTRONIC LOCATION AND ACCESS
Uniform Resource Identifier <a href="https://shs.cairn.info/devenir-des-traumas-d-enfance--9782859192914?lang=fr&redirect-ssocas=7080">https://shs.cairn.info/devenir-des-traumas-d-enfance--9782859192914?lang=fr&redirect-ssocas=7080</a>

Pas d'exemplaire disponible.

PLUDOC

PLUDOC est la plateforme unique et centralisée de gestion des bibliothèques physiques et numériques de Guinée administré par le CEDUST. Elle est la plus grande base de données de ressources documentaires pour les Étudiants, Enseignants chercheurs et Chercheurs de Guinée.

Adresse

627 919 101/664 919 101

25 boulevard du commerce
Kaloum, Conakry, Guinée

Réseaux sociaux

Powered by Netsen Group @ 2025